Harry Potter Trivia #G - Statistics

General Stats
  • This quiz has been taken 56 times
  • The average score is 8 of 15
Answer Stats
Hint Answer % Correct
Harry ends up marrying her Ginny Weasley
98%
Hogwarts House Gryffindor
96%
Has a twin brother George Weasley
94%
One of Dracos best friends Gregory Goyle
87%
What Harry uses to breath underwater Gillyweed
77%
Hagrids half-brother Grawp
62%
Dark wizard, defeated by Dumbledore Gellert Grindelwald
56%
Takes Harry to his vault for the first time Griphook
52%
Ravenclaw House Ghost Grey Lady
44%
Fleurs sister Gabrielle
42%
Lives in the Burrows attic Ghoul
35%
Vernon is director of a firm called __ Grunnings
27%
Sea creature, which makes Fleur disqualify in the Second Task Grindylow
23%
King of the Giants is called the __ Gurg
15%
Many homework essays in History of magic seem to be about this topic Goblin rebellions
10%
No matching quizzes found
Score Distribution
Percent of People with Each Score
Percentile by Number Answered
Your Score History
You have not taken this quiz